000 04076nam a22002657a 4500
001 216219330
003 UA-OsUOA
005 20210205001732.0
008 200925b un ||||| m||| 00| 0 ukr d
040 _aUA-OsUOA
_bukr
_cUA-OsUOA
_dUA-OsUOA
041 _aukr
080 _a821.162.1.’0 6-1+821.162.1'06-4.091:008(477)
090 _a821.162.1.’0 6-1+821.162.1'06-4.091:008(477)
095 _a10.01.05
_bпорівняльне літературознавство
100 _aВознюк О. М.
245 _aВізія України в польській еміграційній літературі на прикладі творчості Єжи Стемповського та Юзефа Лободовського
_cВознюк Ольга Миколаївна ; наук. керівник Гнатюк Михайло Іванович
260 _aКиїв
_c2010
300 _a20 с.
502 _6Автореферат дисертації на здобуття наукового ступеня кандидата філологічних наук
_cІнститут літератури ім. Т. Г. Шевченка
_d2010
520 _aУ дисертації вперше в українському літературознавстві розглядаються проблеми імагологічної візії українця як Іншого у творах Юзефа Лободовського та Єжи Стемповського. В дослідженні розглянуто проблеми імагології як в українському, так і в зарубіжному літературознавстві; проаналізовано питання творення літературного етнообразу Іншого в умовах еміграції та запропоновано нові можливості аналізу цієї проблематики. У контексті імагологічних досліджень візії України в польській літературі дисертантка пропонує нові можливості вивчення Іншого, формулює нові концепти та поняття проблематики, а також пропонує міждисциплінарний погляд на дослідження проблеми Іншого в літературознавстві. Автор вперше в українському літературознавстві розглядає проблему візії Іншого з позиції еміграції в контексті імагологічних досліджень та пропонує власні способи вирішення цього завдання, впроваджуючи наукові поняття, такі як: момент, імагологічний текст та ін. У роботі порівнюються літературні етнообрази українця як Іншого у творчості Єжи Стемповського та Юзефа Лободовського, авторка простежує еволюція візії України на прикладі польського культурного дискурсу, а також розглядається зміну концепту Свій-Інший в умовах близькоспоріднених культур. Різнорідний матеріал, який використано в роботі, засвідчує необхідність ґрунтовного дослідження проблеми імагологічної візії Іншого в українських літературознавчих дослідженнях.
650 _2UDC
_a821.161.2 Українська література
942 _2udc
_cAR
955 _a1
999 _c463469
_d463469